00318pab a2200121 454500008004000000100002300040245005700063260000900120300001300129362000800142650002800150773001800178180718b2017 xxu||||| |||| 00| 0 eng d aKrstic, Aleksandra aCapitalizing on human misery in occupied territories c2017 ap.57-58. aFeb aHuman rights violations aThird Concept